U.S. States by Silhouette - Statistics

General Stats
  • This quiz has been taken 52 times
  • The average score is 41 of 50
Answer Stats
Picture Answer % Correct
California
93%
Florida
93%
Hawaii
93%
Michigan
93%
Texas
93%
Alaska
91%
Idaho
89%
Tennessee
89%
Louisiana
87%
Nevada
87%
Oklahoma
87%
Utah
87%
Illinois
85%
Kentucky
85%
New Hampshire
85%
Ohio
85%
Vermont
85%
Washington
85%
Arizona
83%
Arkansas
83%
Iowa
83%
Maryland
83%
Massachusetts
83%
Minnesota
83%
New Jersey
83%
New York
83%
Wisconsin
83%
Colorado
80%
Georgia
80%
Maine
80%
New Mexico
80%
Virginia
80%
West Virginia
80%
Wyoming
80%
Alabama
78%
Delaware
78%
Indiana
78%
Nebraska
78%
North Carolina
78%
South Carolina
78%
Kansas
76%
Mississippi
76%
Missouri
76%
Montana
76%
North Dakota
76%
Oregon
76%
Pennsylvania
76%
South Dakota
74%
Rhode Island
72%
Connecticut
67%
No matching quizzes found
Score Distribution
Percent of People with Each Score
Percentile by Number Answered
Your Score History
You have not taken this quiz